header

Performing the East : (Record no. 129466)

MARC details
000 -LEADER
fixed length control field 01715nam a22003851i 4500
001 - CONTROL NUMBER
control field ebr10773062
003 - CONTROL NUMBER IDENTIFIER
control field CaPaEBR
006 - FIXED-LENGTH DATA ELEMENTS--ADDITIONAL MATERIAL CHARACTERISTICS--GENERAL INFORMATION
fixed length control field m o d
007 - PHYSICAL DESCRIPTION FIXED FIELD--GENERAL INFORMATION
fixed length control field cr cn|||||||||
008 - FIXED-LENGTH DATA ELEMENTS--GENERAL INFORMATION
fixed length control field 130715s2012 enka ob 001 0 eng d
020 ## - INTERNATIONAL STANDARD BOOK NUMBER
International Standard Book Number 9780857722270 (e-book)
Cancelled/invalid ISBN 9781848859487
040 ## - CATALOGING SOURCE
Original cataloging agency CaPaEBR
Language of cataloging eng
Description conventions rda
-- pn
Transcribing agency CaPaEBR
035 ## - SYSTEM CONTROL NUMBER
System control number (OCoLC)868954405
043 ## - GEOGRAPHIC AREA CODE
Geographic area code e-ru---
-- e-lv---
-- e-pl---
050 14 - LIBRARY OF CONGRESS CALL NUMBER
Classification number NX542
Item number .B79 2013eb
082 04 - DEWEY DECIMAL CLASSIFICATION NUMBER
Classification number 700.94709045
Edition number 23
100 1# - MAIN ENTRY--PERSONAL NAME
Personal name Bryzgel, Amy.
245 10 - TITLE STATEMENT
Title Performing the East :
Remainder of title performance art in Russia, Latvia and Poland since 1980 /
Statement of responsibility, etc Amy Bryzgel.
264 #1 - PRODUCTION, PUBLICATION, DISTRIBUTION, MANUFACTURE, AND COPYRIGHT NOTICE
Place of production, publication, distribution, manufacture London, England ;
-- New York :
Name of producer, publisher, distributor, manufacturer I.B. Tauris,
Date of production, publication, distribution, manufacture, or copyright notice 2012.
300 ## - PHYSICAL DESCRIPTION
Extent 1 online resource (326 pages) :
Other physical details illustrations
336 ## - CONTENT TYPE
Content type term text
Source rdacontent
337 ## - MEDIA TYPE
Media type term computer
Source rdamedia
338 ## - CARRIER TYPE
Carrier type term online resource
Source rdacarrier
504 ## - BIBLIOGRAPHY, ETC. NOTE
Bibliography, etc Includes bibliographical references and index.
588 ## - SOURCE OF DESCRIPTION NOTE
Source of description note Description based on print version record.
590 ## - LOCAL NOTE (RLIN)
Local note Electronic reproduction. Palo Alto, Calif. : ebrary, 2013. Available via World Wide Web. Access may be limited to ebrary affiliated libraries.
650 #0 - SUBJECT ADDED ENTRY--TOPICAL TERM
Topical term or geographic name as entry element Performance art
Geographic subdivision Russia (Federation)
Topical term or geographic name as entry element Performance art
Geographic subdivision Latvia.
Topical term or geographic name as entry element Performance art
Geographic subdivision Poland.
655 #0 - INDEX TERM--GENRE/FORM
Genre/form data or focus term Electronic books.
776 08 - ADDITIONAL PHYSICAL FORM ENTRY
Display text Print version:
Main entry heading Bryzgel, Amy.
Title Performing the East : performance art in Russia, Latvia and Poland since 1980.
Place, publisher, and date of publication London, England ; New York : I.B. Tauris, 2012
Physical description xiii, 303 pages : illustrations ; 23 cm.
International Standard Book Number 9781848859487
Record control number (OCoLC)852794429
797 2# - LOCAL ADDED ENTRY--CORPORATE NAME (RLIN)
Corporate name or jurisdiction name as entry element ebrary.
856 40 - ELECTRONIC LOCATION AND ACCESS
Uniform Resource Identifier <a href="http://site.ebrary.com/lib/rucke/Doc?id=10773062">http://site.ebrary.com/lib/rucke/Doc?id=10773062</a>
Public note An electronic book accessible through the World Wide Web; click to view

No items available.

© 2026 Rongo University
Contact us: librarian | system librarian | Rongo university